000 00456nam a2200169Ia 4500
008 151213s9999 xx 000 0 und d
020 _a984-643-143-x
082 _a420
_b420
100 _aM.Maniruzzaman
245 _aIntroduction to English Language Study
_cM.Maniruzzaman
260 _aDhaka
_bFriends Book Corner
_c2006
300 _a10668 p.
650 _aEnglish Language
650 _aEnglish Language
700 _aM.Maniruzzaman
999 _c4875
_d4875